00956nam a2200217 4500952009500000999001900095008004100114020001700155082001900172100005800191245006900249260005200318300004500370500004100415505013000456519004300586650002400629650003800653650004000691942000700731 00104070a01b01d2019-11-11l0o364.154 C146cp01 015186r2019-11-11t1w2019-11-11yLB c104712d104712191111s2014 mx ac||| |||| 00| 0 spa d a978607007877 a364.154bC146c aCamilo Santibañez, Ricardo Ubaldod1966-2013eautor aComo combatir el secuestroc/ Ricardo Ubaldo Camilo Santibañez aMéxicob: Raul Juarez Carro Editorialc, 2014 a134 páginasb: ilustado, fotografías aEn portada: policía antisecuestros aEl secuestro La industria del secuestro Proceder criminal en el secuestro Proceder del Policía Investigador en el secuestro aMaterial Complementario /d(01 015186)14aSECUESTROzMÉXICO24aPREVENCIÓN DEL DELITOzMÉXICO24aDELITOS CONTRA LA PERSONAzMÉXICO cLB